| 000 | 00593nam a2200193Ia 4500 | ||
|---|---|---|---|
| 999 |
_c64785 _d64785 |
||
| 003 | GCL | ||
| 005 | 20240530110750.0 | ||
| 008 | 140319s9999 xx 000 0 ara d | ||
| 040 |
_aGCL / _cGCL |
||
| 082 | 0 | 4 |
_a641.7 \ _bب أ |
| 100 | 1 | _aبلاكو ، ماريان | |
| 245 | 1 | 0 |
_aاطباق الدجاج والطيور / _cماريان بلاكو |
| 260 |
_a[S.N] : _bالدار العربية للعلوم ، _c1993 |
||
| 300 | _a96 ص | ||
| 490 |
_aسلسلة المطبخ العالمى _v0 |
||
| 650 | 0 | 4 | _aالاقتصاد المنزلى |
| 650 | 0 | 4 | _aالطهى |
| 942 |
_2ddc _cBK |
||